[Event "WA Championship"]
[Site "Seattle"]
[Date "2008.02.16"]
[Round "5"]
[White "Greninger, Harley"]
[Black "Guo, Alex"]
[Result "1-0"]
[WhiteElo "2220"]
[BlackElo "1991"]
[PlyCount "103"]
[EventDate "2008.02.??"]
[Source "Harrison"]
[SourceDate "2008.03.19"]

1. d4 f5 2. Nf3 Nf6 3. g3 g6 4. Bg2 Bg7 5. O-O O-O 6. b3 d6 7. Bb2 c6 8. c4 Na6
9. Nbd2 Rb8 10. Ne1 Qe8 11. Nd3 Nc7 12. Qc2 g5 13. e4 fxe4 14. Nxe4 Bf5 15.
Rae1 Qg6 16. Qe2 Rbe8 17. f4 g4 18. Ndf2 Nd7 19. Qd2 h6 20. Re2 b5 21. Qa5 Ne6
22. cxb5 cxb5 23. Qxb5 Nxd4 24. Bxd4 d5 25. Bxg7 Kxg7 26. Qxd5 Rd8 27. Nc5 Rfe8
28. Ne6+ Bxe6 29. Rxe6 Nf6 30. Qe5 Kf7 31. Re1 Rd2 32. Rxe7+ Rxe7 33. Qxe7+ Kg8
34. Qe6+ Kg7 35. Ne4 Nxe4 36. Qxg6+ Kxg6 37. Bxe4+ Kf6 38. a4 Rb2 39. Bd5 a5
40. Bc4 Kg6 41. Re2 Rb1+ 42. Kf2 Rd1 43. Re6+ Kh5 44. Re5+ Kg6 45. Rxa5 Rd2+
46. Be2 Rb2 47. Rb5 Kf6 48. a5 Ra2 49. Re5 Kg6 50. a6 Kf6 51. b4 Kg6 52. Ra5
1-0

[Event "WA Championship"]
[Site "Seattle"]
[Date "2008.02.16"]
[Round "5"]
[White "Orlov, Georgi"]
[Black "Serper, Gregory"]
[Result "1/2-1/2"]
[WhiteElo "2573"]
[BlackElo "2576"]
[PlyCount "84"]
[EventDate "2008.02.??"]
[Source "Harrison"]
[SourceDate "2008.03.19"]

1. d4 d5 2. c4 c6 3. Nc3 Nf6 4. Nf3 e6 5. Bg5 Be7 6. e3 O-O 7. Qc2 Nbd7 8. Rd1
b6 9. Bd3 dxc4 10. Bxc4 Nd5 11. Bxe7 Qxe7 12. O-O Bb7 13. e4 Nxc3 14. bxc3 c5
15. d5 exd5 16. exd5 Qd6 17. Bd3 Nf6 18. c4 Rae8 19. Rfe1 Bc8 20. h3 g6 21. Qc3
Rxe1+ 22. Rxe1 Re8 23. Ne5 Bd7 24. Re3 Re7 25. g4 Ne8 26. Qe1 Kf8 27. Kg2 f6
28. Nf3 Rxe3 29. fxe3 b5 30. e4 bxc4 31. Bxc4 Qf4 32. Qf2 Nd6 33. Qxc5 Ke8 34.
Bd3 Nxe4 35. Bxe4 Qxe4 36. Kf2 Qa4 37. a3 Qb5 38. Qxa7 Qxd5 39. Qb8+ Ke7 40.
Qb4+ Kf7 41. Qc3 h5 42. gxh5 Qxh5 1/2-1/2

[Event "WA Championship"]
[Site "Seattle"]
[Date "2008.02.16"]
[Round "6"]
[White "Guo, Alex"]
[Black "Koons, Nat"]
[Result "1/2-1/2"]
[WhiteElo "1991"]
[BlackElo "2313"]
[PlyCount "22"]
[EventDate "2008.02.??"]
[Source "Harrison"]
[SourceDate "2008.03.19"]

1. e4 e5 2. Nf3 Nf6 3. Nxe5 d6 4. Nf3 Nxe4 5. Nc3 Nf6 6. d4 Be7 7. Bd3 O-O 8.
O-O Bg4 9. h3 Bh5 10. Ne4 Nc6 11. c3 d5 1/2-1/2

[Event "WA Championship"]
[Site "Seattle"]
[Date "2008.02.16"]
[Round "6"]
[White "Orlov, Georgi"]
[Black "Sinanan, Josh"]
[Result "1-0"]
[WhiteElo "2573"]
[BlackElo "2178"]
[PlyCount "113"]
[EventDate "2008.02.??"]
[Source "Harrison"]
[SourceDate "2008.03.19"]

1. d4 Nf6 2. c4 e6 3. Nc3 c5 4. Nf3 cxd4 5. Nxd4 Bb4 6. g3 O-O 7. Bg2 d5 8.
cxd5 Nxd5 9. Bd2 Nc6 10. Nxd5 Bxd2+ 11. Qxd2 exd5 12. O-O Qb6 13. Rfd1 Be6 14.
Rac1 Rac8 15. Nxc6 bxc6 16. b4 a5 17. bxa5 Qa7 18. Qb4 Rb8 19. Qc5 Qa6 20. e4
dxe4 21. Bxe4 Bxa2 22. Bd3 Qa8 23. Bxh7+ Kxh7 24. Qc2+ Kg8 25. Qxa2 Qa6 26. Rc5
Rfe8 27. Qc2 Re6 28. Kg2 Rbe8 29. Qd3 Qb7 30. a6 Qe7 31. Rh5 g6 32. Ra5 Ra8 33.
Qc3 Qc7 34. Qc5 Rf6 35. Qc3 Re6 36. Rd4 Qe7 37. Rh4 Qf6 38. Qd2 Rd6 39. Qa2 Qe6
40. Qb2 Qf6 41. Qb7 Qd8 42. Qb2 Qf6 43. Qxf6 Rxf6 44. a7 c5 45. Rha4 Rc6 46.
Kf1 c4 47. Ke2 c3 48. Kd1 c2+ 49. Kc1 Rc7 50. Ra2 Kg7 51. g4 Kf6 52. f4 Ke6 53.
Ra6+ Kd5 54. R2a4 Rc3 55. R6a5+ Kc6 56. Rb4 Kc7 57. Rb2 1-0

[Event "WA Championship"]
[Site "Seattle"]
[Date "2008.02.16"]
[Round "6"]
[White "Readey, John"]
[Black "Greninger, Harley"]
[Result "0-1"]
[WhiteElo "2325"]
[BlackElo "2220"]
[PlyCount "80"]
[EventDate "2008.02.??"]
[Source "Harrison"]
[SourceDate "2008.03.19"]

1. Nf3 Nf6 2. g3 d5 3. Bg2 c6 4. O-O Bf5 5. d3 e6 6. Nbd2 Be7 7. c4 O-O 8. b3
a5 9. a3 Na6 10. Bb2 h6 11. Rc1 Bh7 12. Rc2 Ng4 13. Qa1 Bf6 14. Rfc1 Bxb2 15.
Qxb2 Qe7 16. Rb1 Nc5 17. Qc3 e5 18. cxd5 e4 19. d6 Qxd6 20. dxe4 Nxe4 21. Nxe4
Bxe4 22. Rd2 Qxa3 23. Ra1 Qb4 24. Qd4 Qxd4 25. Nxd4 Bxg2 26. Kxg2 Nf6 27. Nf5
g6 28. Nd6 Rfd8 29. e4 b5 30. e5 Nd5 31. Rda2 f6 32. f4 fxe5 33. fxe5 Rf8 34.
Rxa5 Ne3+ 35. Kh3 Rxa5 36. Rxa5 Rf2 37. Ne4 Re2 38. e6 $2 {
white was in time trouble} g5 $1 {Black threatens mate} 39. Ra8+ Kg7 40. Nxg5
hxg5 0-1

[Event "WA Championship"]
[Site "Seattle"]
[Date "2008.02.16"]
[Round "6"]
[White "Lee, Michael"]
[Black "Perez, Ignacio"]
[Result "1-0"]
[WhiteElo "2277"]
[BlackElo "2280"]
[PlyCount "113"]
[EventDate "2008.02.??"]
[Source "Harrison"]
[SourceDate "2008.03.19"]

1. c4 g6 2. Nc3 Bg7 3. g3 e5 4. Bg2 Nc6 5. e4 d6 6. Nge2 h5 7. h4 Bg4 8. f3 Be6
9. d3 Nge7 10. Nd5 a6 11. Bg5 Qc8 12. Rc1 f5 13. Qa4 Kf7 14. Qa3 Qd7 15. O-O
Rhe8 16. f4 Rab8 17. c5 dxc5 18. Qxc5 Rbc8 19. Nxe7 Nxe7 20. fxe5 b6 21. Qc3 c5
22. Bf6 Bh6 23. Nf4 Nc6 24. exf5 Bxf5 25. Qc4+ Re6 26. Nxe6 Bxe6 27. Bg5+ Kg7
28. Bxh6+ Kxh6 29. Qf4+ Kh7 30. Qg5 Bf5 31. e6 Qxe6 32. Bxc6 Qxc6 33. Rce1 Re8
34. Re7+ Rxe7 35. Qxe7+ Kg8 36. Qd8+ Kf7 37. Re1 Be6 38. Rf1+ Bf5 39. Re1 Be6
40. Qg5 a5 41. Rf1+ Bf5 42. g4 hxg4 43. h5 Ke8 44. hxg6 Qd6 45. Re1+ Be6 46.
Qxg4 Kd7 47. Rxe6 Qxe6 48. Qxe6+ Kxe6 49. Kf2 Kf6 50. Ke3 Kxg6 51. Ke4 Kg5 52.
Kd5 Kf4 53. Kc6 Ke3 54. Kxb6 Kxd3 55. Kxc5 Kc2 56. Kb5 Kxb2 57. a4 1-0

[Event "WA Championship"]
[Site "Seattle"]
[Date "2008.02.17"]
[Round "7"]
[White "Mikhailuk, Slava"]
[Black "Guo, Alex"]
[Result "1-0"]
[WhiteElo "2435"]
[BlackElo "1991"]
[PlyCount "85"]
[EventDate "2008.02.??"]
[Source "Harrison"]
[SourceDate "2008.03.19"]

1. c4 f5 2. Nc3 Nf6 3. g3 d6 4. Bg2 g6 5. d4 Bg7 6. Nf3 c6 7. O-O O-O 8. Qc2
Qe8 9. d5 Na6 10. b3 Nb4 11. Qb1 Ne4 12. Nxe4 fxe4 13. Ng5 Nc2 14. Qxc2 Bxa1
15. Qxe4 Bf5 16. Qh4 h5 17. e4 Bd7 18. Ne6 Bxe6 19. dxe6 Bf6 20. Qh3 Kg7 21. f4
Bd4+ 22. Kh1 g5 23. g4 h4 24. f5 Bf6 25. a4 Qd8 26. c5 Qa5 27. cxd6 exd6 28.
Qd3 Qe5 29. Be3 Rfe8 30. Qd2 Kh6 31. Rd1 Rad8 32. Qf2 Kg7 33. Bd4 Qa5 34. Qe3
Bxd4 35. Qxg5+ Kf8 36. Qg6 Qc7 37. Rxd4 Qg7 38. Qh5 Kg8 39. Rd1 h3 40. Bxh3 Rf8
41. g5 Qe5 42. Qg6+ Kh8 43. f6 1-0

[Event "WA Championship"]
[Site "Seattle"]
[Date "2008.02.17"]
[Round "7"]
[White "Greninger, Harley"]
[Black "Lee, Michael"]
[Result "1-0"]
[WhiteElo "2220"]
[BlackElo "2277"]
[PlyCount "136"]
[EventDate "2008.02.??"]
[Source "Harrison"]
[SourceDate "2008.03.19"]

1. d4 Nf6 2. Nf3 g6 3. Bf4 Bg7 4. e3 O-O 5. Be2 d6 6. O-O Nfd7 7. Nc3 Nc6 8.
Qd2 e5 9. Bg3 h6 10. dxe5 Ndxe5 11. Nxe5 dxe5 12. Rad1 Be6 13. Qxd8 Rfxd8 14.
Nb5 Rdc8 15. c4 Ne7 16. b3 f5 17. Bf3 a6 18. Na3 Rab8 19. Nc2 a5 20. Be2 g5 21.
f4 gxf4 22. exf4 e4 23. Nd4 Bxd4+ 24. Rxd4 Nc6 25. Rd2 Rd8 26. Rfd1 Rxd2 27.
Rxd2 a4 28. Bh4 axb3 29. axb3 Ra8 30. Bf6 Kf7 31. Bb2 Na5 32. Bh5+ Kg8 33. Bd1
b5 34. cxb5 Bxb3 35. Bxb3+ Nxb3 36. Rd7 Ra2 37. Bf6 e3 38. Rxc7 Rd2 39. g3 Rd1+
40. Kg2 e2 41. Bc3 Rc1 42. b6 Nc5 43. Kf2 Na6 44. Rg7+ Kf8 45. Ra7 Nc5 46. Bb4
e1=Q+ 47. Bxe1 Rb1 48. Ba5 Rb2+ 49. Ke3 Rb5 50. h3 h5 51. Kd4 {Diagram #} Rxa5
52. Rxa5 Nb3+ 53. Ke5 Nxa5 54. Kxf5 Nc4 55. Kg5 Nxb6 56. Kxh5 Kf7 57. g4 Kf6
58. Kh4 Kg6 59. Kg3 Nc4 60. f5+ Kf6 61. Kf4 Nd6 62. g5+ Kg7 63. h4 Nc4 64. h5
Kf7 65. h6 Nd6 66. h7 Kg7 67. g6 Ne8 68. Ke5 Kh8 1-0

[Event "WA Championship"]
[Site "Seattle"]
[Date "2008.02.17"]
[Round "7"]
[White "Sinanan, Josh"]
[Black "Serper, Gregory"]
[Result "0-1"]
[WhiteElo "2178"]
[BlackElo "2576"]
[PlyCount "76"]
[EventDate "2008.02.??"]
[Source "Harrison"]
[SourceDate "2008.03.19"]

1. Nf3 d5 2. d4 Nf6 3. c4 c6 4. Nc3 e6 5. e3 Nbd7 6. Qc2 Bb4 7. a3 Ba5 8. Bd2
O-O 9. Bd3 h6 10. O-O Bc7 11. e4 dxc4 12. Bxc4 e5 13. d5 Nb6 14. Ba2 cxd5 15.
exd5 Bg4 16. Qd3 Qd7 17. Rad1 Rfe8 18. Rfe1 {Diagram #} e4 19. Nxe4 Rxe4 20.
Rxe4 Bf5 21. Rde1 Nxe4 22. Rxe4 Rd8 23. d6 Bxd6 24. Qe2 Bxe4 25. Qxe4 Re8 26.
Qg6 Bf4 27. Be1 Nd5 28. Qd3 Nf6 29. Qg6 Re2 30. Qb1 Qc7 31. g3 Bd6 32. Nd4 Re5
33. Nf5 Ne4 34. Ne3 Bc5 35. Ng4 Re7 36. Bd5 h5 37. Bxe4 hxg4 38. Bc3 Qb6 0-1

[Event "WA Championship"]
[Site "Seattle"]
[Date "2008.02.17"]
[Round "7"]
[White "Perez, Ignacio"]
[Black "Orlov, Georgi"]
[Result "1/2-1/2"]
[WhiteElo "2280"]
[BlackElo "2573"]
[Annotator "Perez"]
[PlyCount "113"]
[EventDate "2008.02.??"]
[Source "Harrison"]
[SourceDate "2008.03.19"]

1. e4 d6 2. d4 Nf6 3. Nc3 c6 4. a4 g6 5. f3 Bg7 6. Nge2 Na6 7. Be3 Qa5 8. Nc1
Be6 9. Qd2 O-O ({Black had an alternative in} 9... b5) 10. g4 b5 11. d5 b4 ({If
} 11... cxd5 12. Nb3 Qd8 13. axb5 {white is better}) 12. N3a2 (12. Nb3 bxc3)
12... cxd5 13. Nb3 Qxa4 14. Nac1 Qd7 15. e5 ({Not} 15. Rxa6 dxe4 16. g5 Nd5 {
and here black is threatening to win the dark-square bishop (for the knight)})
15... dxe5 16. Rxa6 d4 $44 {Black has compensation for the piece.} 17. Bg5 Bd5
18. Bxf6 (18. Be2 $2 Nxg4) (18. Bg2 $2 Qb7) 18... Bxf6 19. Be2 Bh4+ 20. Kd1
Rfc8 (20... Qb7 $2 21. Nc5) 21. Nd3 Bxb3 $1 {a good move} 22. cxb3 Qd5 $36 {
Black has initiative} 23. Qxb4 Rab8 24. Ra5 Qa8 (24... Qxb3+ 25. Qxb3 Rxb3 26.
Rxe5) 25. Rb5 e4 $1 26. fxe4 Qxe4 27. Rf1 Rxb5 28. Qxb5 Qe3 (28... Qe6 $6 {
is worse}) 29. Qd5 $2 ({I should have played} 29. Qd7 $1 $18 {
attacking black's rook} Rc2 (29... Rf8 30. Qc7 $1 {threatening Qf4 next move} (
{There is no time for} 30. Qxa7 $2 Bg5 31. Ke1 Rc8) 30... Qe6 (30... Bg5 31.
Qc1 $1) 31. Nc5 $1 ({or} 31. Ne5 $5 {threatening Bc4})) (29... Rb8 30. Qc7) 30.
Qe8+ Kg7 31. Rxf7+ Kh6 32. Qf8+ Kg5 33. Rf5+ gxf5 34. Qg7#) 29... Bg5 {
When I played Qd5 I underestimated this move. Now I had to spend 15 minutes.}
30. Qxf7+ Kh8 31. Ke1 $8 {The only move} Qd2+ 32. Kf2 Qe3+ 33. Ke1 Qd2+ 34. Kf2
Bh4+ 35. Kg1 Qxe2 36. Qf3 Qxf3 37. Rxf3 Bg5 $2 ({Better is} 37... Rc2 $1) 38.
Kg2 Kg8 39. Rf1 Be3 40. Ra1 Rc2+ 41. Kf3 Rxh2 42. Rxa7 Bg5 43. b4 Rh3+ 44. Ke4
Bf6 45. Ra3 $1 Re3+ 46. Kd5 e5 47. b5 e4 48. Nc5 d3 49. Nxe4 Bxb2 50. Rb3 Be5
$1 (50... d2 $6 51. Nxd2) 51. Nd2 (51. Kxe5 d2 $1) 51... Bf4 52. Nc4 Rg3 53. b6
{Threatening Nd6 and a new queen} Bb8 54. b7 h5 55. gxh5 gxh5 56. Nd2 Kh7 (
56... h4 $11) 57. Ke4 1/2-1/2

[Event "WA Championship"]
[Site "Seattle"]
[Date "2008.02.17"]
[Round "7"]
[White "Koons, Nat"]
[Black "Readey, John"]
[Result "0-1"]
[WhiteElo "2313"]
[BlackElo "2325"]
[PlyCount "112"]
[EventDate "2008.02.??"]
[Source "Harrison"]
[SourceDate "2008.03.19"]

1. d4 Nf6 2. Bg5 e6 3. e4 h6 4. Bxf6 Qxf6 5. Nf3 d6 6. Nc3 Qd8 7. Qd2 a6 8. Bd3
g6 9. O-O-O Bg7 10. e5 Nc6 11. Qf4 d5 12. h4 b6 13. Nh2 h5 14. Nf3 Bb7 15. Ng5
Qe7 16. Rh3 Bh6 17. Kb1 O-O-O 18. Ne2 Rhf8 19. Rf3 Bg7 20. c3 f6 21. exf6 Rxf6
22. Qe3 e5 23. dxe5 Nxe5 24. Nd4 c5 25. Rxf6 Bxf6 26. Ne2 d4 27. Qh3+ Kb8 28.
Qg3 Ka7 29. Nf4 Nxd3 30. Nxd3 dxc3 31. bxc3 Bxc3 32. Kc2 Ba5 33. Qe5 Qxe5 34.
Nxe5 Rxd1 35. Kxd1 Bxg2 36. Nxg6 Bd5 37. a3 Bb3+ 38. Kc1 Ba4 39. Nf4 Be1 40.
Nd3 Bc3 41. f4 Bd7 42. Kc2 Bf6 43. Ne5 Bf5+ 44. Kd2 b5 45. Nef7 c4 46. Nd6 c3+
47. Kc1 Bd3 48. Nf3 a5 49. Ne1 Be2 50. Ne4 Bxh4 51. Nc2 Be7 52. Nxc3 Bc4 53. a4
b4 54. Ne3 bxc3 55. Nxc4 h4 56. Ne3 Bd6 0-1

[Event "WA Championship"]
[Site "Seattle"]
[Date "2008.02.17"]
[Round "8"]
[White "Sinanan, Josh"]
[Black "Perez, Ignacio"]
[Result "0-1"]
[WhiteElo "2178"]
[BlackElo "2280"]
[PlyCount "80"]
[EventDate "2008.02.??"]
[Source "Harrison"]
[SourceDate "2008.03.19"]

1. Nf3 Nf6 2. c4 g6 3. Nc3 Bg7 4. e4 d6 5. d4 O-O 6. Be2 Na6 7. O-O e5 8. Be3
Ng4 9. Bg5 f6 10. Bh4 g5 11. Bg3 Nh6 12. d5 $6 {[Ryan]} Qe8 13. Nd2 g4 14. a3
Qg6 15. b4 Nf7 16. f3 h5 17. fxg4 hxg4 18. Bd3 Bh6 19. Qe2 Bg5 20. Rf5 Bxd2 21.
Qxd2 Bxf5 22. exf5 Qh5 23. Ne4 Kg7 24. Qf2 Nb8 25. Bh4 Nd7 26. Rf1 c6 27. g3
cxd5 28. cxd5 a6 29. Be2 Rac8 30. h3 Qh6 31. Bxg4 Rc1 32. Be2 Rxf1+ 33. Bxf1
Rc8 34. Qf3 Kf8 35. Bg2 Ke7 36. Kh2 Rc2 37. Qg4 b5 38. Qg8 Qh8 39. Qg6 Ra2 40.
Kg1 Rxa3 0-1

[Event "WA Championship"]
[Site "Seattle"]
[Date "2008.02.17"]
[Round "8"]
[White "Serper, Gregory"]
[Black "Guo, Alex"]
[Result "1-0"]
[WhiteElo "2576"]
[BlackElo "1991"]
[PlyCount "87"]
[EventDate "2008.02.??"]
[Source "Harrison"]
[SourceDate "2008.03.19"]

1. d4 e6 2. Nf3 f5 3. g3 Nf6 4. Bg2 Be7 5. O-O O-O 6. Nbd2 d6 7. Re1 Ne4 8.
Nxe4 fxe4 9. Nd2 d5 10. f3 exf3 11. exf3 c5 12. dxc5 Bxc5+ 13. Kh1 Nc6 14. f4
Bd7 15. Nb3 Bb6 16. Be3 Bxe3 17. Rxe3 Qb6 18. Re2 Rae8 19. Qd2 Kh8 20. Rae1 h6
21. c3 Ne7 22. Qd4 Nf5 23. Qxb6 axb6 24. Bh3 Kg8 25. Re5 Rf6 26. Bxf5 Rxf5 27.
Nd4 Rxe5 28. Rxe5 Kf7 29. h4 Kf6 30. Kg2 Rg8 31. h5 g5 32. hxg6 Rxg6 33. Kf2
Rg8 34. Rh5 Rg6 35. Nf3 Ke7 36. Ne5 Rf6 37. Ng4 Rg6 38. Ne5 Rf6 39. Ng4 Rg6 40.
Nxh6 Be8 41. Rh4 Kd6 42. Ng4 Rg7 43. Ne5 Bg6 44. Rg4 1-0

[Event "WA Championship"]
[Site "Seattle"]
[Date "2008.02.17"]
[Round "8"]
[White "Lee, Michael"]
[Black "Koons, Nat"]
[Result "1-0"]
[WhiteElo "2277"]
[BlackElo "2313"]
[PlyCount "73"]
[EventDate "2008.02.??"]
[Source "Harrison"]
[SourceDate "2008.03.19"]

1. c4 Nf6 2. Nc3 c5 3. g3 e6 4. Nf3 b6 5. Bg2 Bb7 6. O-O a6 7. d4 cxd4 8. Qxd4
d6 9. Rd1 Nbd7 10. Ng5 Bxg2 11. Kxg2 Rc8 12. Nge4 Rc6 13. b3 Be7 14. Ba3 Qa8
15. Kg1 Nc5 16. b4 Ncd7 17. b5 axb5 18. Nxb5 Nxe4 19. Qxe4 O-O 20. Bxd6 Nf6 21.
Qe5 Bxd6 22. Nxd6 Qa4 23. Rd4 Rc5 24. Qe3 Ra8 25. Rad1 g6 26. R1d2 Kg7 27. Rf4
Raa5 28. Qf3 Qb4 29. Rxf6 Qxd2 30. Rxf7+ Kh6 31. Rd7 Qc1+ 32. Kg2 Rf5 33. Nxf5+
exf5 34. Qb7 Qxc4 35. Rxh7+ Kg5 36. h4+ Kf6 37. Qe7# 1-0

[Event "WA Championship"]
[Site "Seattle"]
[Date "2008.02.17"]
[Round "8"]
[White "Orlov, Georgi"]
[Black "Greninger, Harley"]
[Result "1-0"]
[WhiteElo "2573"]
[BlackElo "2220"]
[Annotator "Harrison"]
[PlyCount "161"]
[EventDate "2008.02.??"]
[Source "Harrison"]
[SourceDate "2008.03.19"]

1. d4 d5 2. c4 c6 3. Nc3 Nf6 4. Nf3 dxc4 5. a4 Bf5 6. e3 e6 7. Bxc4 Bb4 8. O-O
Nbd7 9. Nh4 Bg4 10. f3 Bh5 11. g4 Nd5 12. Qe1 Be7 13. Ng2 Bg6 14. e4 Nb4 15.
Qd1 Nb6 16. Bb3 c5 {Diagram #} 17. a5 cxd4 18. axb6 dxc3 19. Qxd8+ Bxd8 20. Be3
cxb2 21. Rxa7 Rb8 22. Ba4+ Kf8 23. Rb1 Bf6 24. Bc5+ Kg8 25. Bd6 Bd4+ 26. Kf1
Rc8 27. Bxb4 Rc1+ 28. Ne1 h5 29. Ra8+ Kh7 30. Rxh8+ Kxh8 31. Bc2 hxg4 32. Ba3
gxf3 33. Rxc1 bxc1=Q 34. Bxc1 f2 35. Ng2 Bxb6 36. Be3 Bc7 37. Nf4 Bh7 38. Kxf2
g5 39. Bd4+ Kg8 40. Nh5 Bxh2 41. Nf6+ Kg7 42. Ng4+ e5 43. Nxe5 Bxe5 44. Bxe5+
f6 45. Bc3 Bg8 46. Kg3 Bc4 47. Bd1 Bd3 48. Kf3 Bc4 49. Ke3 Be6 50. Bh5 Bd7 51.
Kf3 Ba4 52. Bg4 Bd1+ 53. Kg3 Bc2 54. Bf5 Kf7 55. Kf3 Bd1+ 56. Ke3 Bb3 57. Kd4
b6 58. Bb4 b5 59. Kc5 Bc4 60. Kd6 Bd3 61. Be1 Bc4 62. Bd7 Bd3 63. Kd5 Bc4+ 64.
Kc5 Bd3 65. Kd4 Bc4 66. Bb4 Be2 67. Kd5 Bc4+ 68. Kc5 Bd3 69. Kd4 Bc4 70. Bc6
Be2 71. Bd5+ Kg6 72. Be6 Bf1 73. Bb3 g4 (73... Be2) 74. Bd6 f5 75. e5 g3 76. e6
g2 77. Bh2 Bc4 $2 (77... Kf6 78. Kd5 Bc4+ 79. Bxc4 bxc4 80. Kd6 c3 81. e7 c2
82. e8=Q c1=Q 83. Be5+ Kg5 84. Qg8+ Kh5 85. Qxg2) 78. Bxc4 bxc4 79. Kxc4 f4 80.
Kd5 f3 81. Bg1 1-0

[Event "WA Championship"]
[Site "Seattle"]
[Date "2008.02.17"]
[Round "8"]
[White "Readey, John"]
[Black "Mikhailuk, Slava"]
[Result "0-1"]
[WhiteElo "2325"]
[BlackElo "2435"]
[Annotator "Harrison"]
[PlyCount "132"]
[EventDate "2008.02.??"]
[Source "Harrison"]
[SourceDate "2008.03.19"]

1. Nf3 Nf6 2. c4 g6 3. g3 Bg7 4. Bg2 O-O 5. O-O d5 6. cxd5 Nxd5 7. d4 Nc6 8.
Nc3 Nb6 9. d5 Na5 10. e4 c6 11. Bf4 cxd5 12. exd5 Nac4 13. Qe2 {Diagram #} Nxb2
14. Qxb2 Na4 15. Nxa4 Bxb2 16. Nxb2 Qxd5 17. Rfd1 Qb5 18. Rd2 f6 19. Nd4 Qh5
20. Nb3 Bg4 21. Bxb7 Rad8 22. Re1 e5 23. Be3 Bf3 24. Bxf3 Qxf3 25. Red1 Rxd2
26. Nxd2 Qe2 27. Ndc4 h5 28. h4 Rf7 29. Kg2 Kh7 30. Rd2 Qg4 31. Nd6 Rf8 32.
Nbc4 g5 33. f3 Qe6 34. hxg5 h4 35. gxh4 e4 36. g6+ Kxg6 37. fxe4 Qg4+ 38. Kf1
Kh5 39. Rd5+ Kg6 40. Rd2 $138 (40. h5+ $18) (40. Bxa7 $18) (40. Bf2 $18 -- $140
$4 41. Rg5+ fxg5 42. Ne5+ Kh5 43. Nxg4 Kxg4 44. hxg5 Kxg5) 40... Kh7 41. Bxa7
Qf3+ 42. Ke1 Rg8 43. Bb6 Rg3 44. Be3 Rh3 45. Rf2 Rh1+ 46. Kd2 Qd1+ 47. Kc3 Qa1+
48. Kb4 Rxh4 49. a4 Rh3 50. Bb6 Qe1+ 51. Nd2 Rh4 52. Kb5 Rh5+ 53. Kc6 Qa1 54.
a5 Qa4+ 55. Kc7 Re5 56. Kd8 Re6 57. N2c4 Qc6 58. Bc7 Kg8 59. Rh2 f5 60. exf5 $4
(60. e5 $1 $18) 60... Rf6 $11 61. Re2 Rf8+ 62. Re8 Rxe8+ 63. Nxe8 Qxc4 64. Nd6
Qc6 65. f6 Kf8 66. Nc8 $4 (66. f7 Kg7 67. Kc8 Kf8 68. Kd8 Kg7 69. Kc8 {1/2-1/2}
) 66... Qe8# 0-1

[Event "WA Championship"]
[Site "Seattle"]
[Date "2008.02.18"]
[Round "9"]
[White "Mikhailuk, Slava"]
[Black "Lee, Michael"]
[Result "1/2-1/2"]
[WhiteElo "2435"]
[BlackElo "2277"]
[PlyCount "89"]
[EventDate "2008.02.??"]
[Source "Harrison"]
[SourceDate "2008.03.19"]

1. c4 Nf6 2. Nc3 g6 3. g3 Bg7 4. Bg2 O-O 5. Nf3 d6 6. O-O e5 7. d3 Nc6 8. Rb1
a5 9. a3 Nd4 10. b4 axb4 11. axb4 c6 12. Bb2 Bg4 13. Nxd4 exd4 14. Ne4 Nxe4 15.
Bxe4 Re8 16. Re1 Qg5 17. b5 d5 18. cxd5 cxd5 19. Bg2 Qh5 20. Ra1 Rac8 21. Qa4
Bxe2 22. Bxd4 Qg4 23. Bxg7 Qxa4 24. Rxa4 Kxg7 25. Bf1 Bxf1 26. Kxf1 Rxe1+ 27.
Kxe1 Rc1+ 28. Kd2 Rb1 29. Ra5 b6 30. Ra7 Rxb5 31. Rb7 d4 32. Rd7 Rb4 33. h4 Kf6
34. Ke2 Ke6 35. Rd8 h5 36. Kf3 Ke7 37. Rd5 Ke6 38. Rd8 Ke5 39. Re8+ Kf5 40. Rd8
Ke5 41. Re8+ Kf5 42. Rd8 b5 43. Rd5+ Ke6 44. Rd8 Ke5 45. Re8+ 1/2-1/2

[Event "WA Championship"]
[Site "Seattle"]
[Date "2008.02.18"]
[Round "9"]
[White "Perez, Ignacio"]
[Black "Serper, Gregory"]
[Result "0-1"]
[WhiteElo "2280"]
[BlackElo "2576"]
[Annotator "various"]
[PlyCount "101"]
[EventDate "2008.02.??"]
[Source "Harrison"]
[SourceDate "2008.03.19"]

1. e4 c5 2. Nf3 e6 3. d4 cxd4 4. Nxd4 a6 5. Nc3 Qc7 6. Bd3 Nf6 7. O-O d6 8. Be3
(8. Re1 b5 9. a4 b4 10. Nd5 {[Ryan]}) 8... b5 9. a4 {
Be3 does not wok together with a4 [Ryan]} b4 10. Na2 Bb7 11. f3 d5 (11... Nbd7
12. c3) 12. c3 dxe4 13. fxe4 Bd6 14. Rxf6 {forced and good [Perez]} (14. Nf3 $2
Nxe4) 14... gxf6 (14... Bxh2+ $143 $6 15. Kh1) 15. Qh5 Ke7 16. cxb4 {
"its a pawn"} Nd7 {Nobody but Serper could defend this [Perez]} 17. Rc1 Qb8 18.
Nc3 Bf4 19. Qh3 Bxe3+ 20. Qxe3 Ne5 21. Nd5+ (21. b5 $5 {[Gale]} Qd6 22. bxa6 (
22. b6 Rac8) 22... Rad8) 21... exd5 22. Nf5+ Kd7 $8 23. exd5 {/\ d6} (23. Qc5
$2 Qa7) 23... Rc8 24. Rc5 Rxc5 25. bxc5 Bxd5 26. Qd4 Nf3+ ({
During the game white was concerned about} 26... Qb3 $1 27. Be4 Qc4 28. Bxd5 ({
But Fidel Mendoza found} 28. Qxc4 Nxc4 29. Bxd5 $18) 28... Qxd4+ 29. Nxd4 Rb8
30. b3 Rb4) 27. gxf3 Qe5 28. Qf2 (28. Qxe5 fxe5 29. Ne3 Bb3) (28. c6+ {
doesn't work:} Kxc6 29. Qxe5 fxe5 30. Ne7+ Kd6 31. Nxd5 Rg8+ $1) (28. Qg4 Qe1+
29. Bf1 Qd2) 28... Rb8 29. Nd4 Qg5+ 30. Kf1 (30. Kh1 Qc1+ 31. Kg2 Rxb2) 30...
Qc1+ 31. Kg2 Rg8+ (31... Rxb2) 32. Kh3 Qh6+ 33. Qh4 Qxh4+ 34. Kxh4 Rb8 {
black stops b4} 35. Kg3 Rb4 36. Ne2 a5 37. Nc3 Bc6 38. Bxh7 Rxb2 39. h4 Rb3 (
39... Bxf3 40. Kxf3 Rb3 $19) 40. Bf5+ Ke7 41. Ne4 Bxa4 42. h5 Rb8 43. h6 Rh8
44. h7 Bd7 45. Bxd7 Kxd7 46. Nxf6+ Kc6 47. Kf4 a4 48. Ke5 a3 49. Nd5 Kxc5 50.
Nc3 Rxh7 51. Kf6 0-1

[Event "WA Championship"]
[Site "Seattle"]
[Date "2008.02.18"]
[Round "9"]
[White "Koons, Nat"]
[Black "Orlov, Georgi"]
[Result "0-1"]
[WhiteElo "2313"]
[BlackElo "2573"]
[PlyCount "62"]
[EventDate "2008.02.??"]
[Source "Harrison"]
[SourceDate "2008.03.19"]

1. d4 d6 2. e4 g6 3. Nf3 Bg7 4. Be2 Nf6 5. Nc3 O-O 6. O-O c6 7. Be3 Nbd7 8. a4
Ng4 9. Bg5 f6 10. Bh4 Nh6 11. a5 Kh8 12. d5 c5 13. Nd2 g5 14. Bg3 f5 15. exf5
Nxf5 16. a6 b6 17. Nc4 Nd4 18. Ne4 h6 19. Bg4 b5 20. Na5 Nb6 21. Bxc8 Qxc8 22.
c3 Nf5 23. Nc6 Qd7 24. Ra5 e6 25. Bxd6 Nxd6 26. Nxc5 Qf7 27. Nxe6 Rfe8 28. Re1
Rac8 29. Qg4 Nxd5 30. Ncd4 Nf4 31. g3 h5 0-1

[Event "WA Championship"]
[Site "Seattle"]
[Date "2008.02.18"]
[Round "9"]
[White "Guo, Alex"]
[Black "Readey, John"]
[Result "0-1"]
[WhiteElo "1991"]
[BlackElo "2325"]
[PlyCount "66"]
[EventDate "2008.02.??"]
[Source "Harrison"]
[SourceDate "2008.03.19"]

1. e4 g6 2. g3 Bg7 3. Bg2 d6 4. Nc3 c5 5. Nge2 Nc6 6. d3 Nf6 7. Be3 O-O 8. O-O
Rb8 9. Qc1 Re8 10. f4 Ng4 11. Bd2 f5 12. h3 Nf6 13. Be3 Nd7 14. Nd1 Nd4 15.
Nxd4 cxd4 16. Bf2 Nc5 17. Qd2 b6 18. exf5 gxf5 19. b4 Na4 20. b5 Nc5 21. Nb2 e5
22. Qb4 a5 23. bxa6 Nxa6 24. Qc4+ Kh8 25. Bc6 Re7 26. Rae1 b5 27. Bxb5 Be6 28.
Qa4 Nc5 29. Qb4 Reb7 30. a4 Nxa4 31. Qxa4 Rxb5 32. Nd1 Ra5 33. Qc6 Bd5 0-1

[Event "WA Championship"]
[Site "Seattle"]
[Date "2008.02.18"]
[Round "9"]
[White "Greninger, Harley"]
[Black "Sinanan, Josh"]
[Result "1-0"]
[WhiteElo "2220"]
[BlackElo "2178"]
[PlyCount "37"]
[EventDate "2008.02.??"]
[Source "Harrison"]
[SourceDate "2008.03.19"]

1. d4 Nf6 2. Nf3 e6 3. Bg5 c5 4. e4 Qb6 5. Nbd2 cxd4 6. e5 Nd5 7. Nc4 Qc7 8.
Nxd4 a6 9. Nf5 Nc6 10. Ncd6+ Bxd6 11. Nxd6+ Kf8 12. f4 h6 13. Qh5 g6 14. Qh4
Qa5+ 15. Kd1 Ne3+ 16. Kc1 Nxf1 17. Rxf1 Qd5 18. Bxh6+ Kg8 19. Ne8 1-0